=LDR 00000nam 2200000 4500 =001 INLIS000000000040796 =005 20130612150343 =008 ***********************************Ind** =035 ##$$0010-061300000040796 =041 ##$$a Ind =082 ##$$a 2x1.4 =090 ##$$a 2x1.4, Sha a =100 ##$$a Shayim, Muhammad Ash =245 ##$$a Ayat-ayat pembuka rezeki, amalan penangkal musibah dan pelapang kesempitan/ Muhammad Ash. Shayim; Penerjemah, Pedrian Hasmad =260 ##$$a 2011 $b Jakarta =300 ##$$a xiv, 158 hlm., 15 cm =650 ##$$a Al-Qur'an - Kumpulan Ayat - ayat =850 ##$$a NBPNMAT